Sprayed foam insulation (Record no. 121395)

MARC details
000 -LEADER
fixed length control field 00938nam a22001817a 4500
008 - FIXED-LENGTH DATA ELEMENTS--GENERAL INFORMATION
fixed length control field 230315s2023 xxk|||||o|||| 00| 0 eng d
041 ## - LANGUAGE CODE
Language code of text/sound track or separate title eng
245 ## - TITLE STATEMENT
Title Sprayed foam insulation
Medium [Electronic resource]
260 ## - PUBLICATION INFORMATION
Publisher Property Care Association,
Date March 2023
300 ## - PHYSICAL DESCRIPTION
Physical description 13p.
520 ## - ABSTRACT
Abstract Inspection Protocol for building professionals who are asked to consider spray polyurethane foam that has been applied to the pitched elevations of domestic roofs. This document provides a framework to assist property professionals and residential surveyors undertaking non-invasive visual inspections of spray foam applications to the inside of pitched roofs.
650 ## - KEYWORDS
Keywords SPRAY FOAM
651 ## - SUBJECT ADDED ENTRY--GEOGRAPHIC NAME
Geographic name United Kingdom
690 ## - BROAD SUBJECT
9 (RLIN) 6223
Broad subject Building materials & defects
710 ## - ADDED CORPORATE NAME
Added corporate author Property Care Association
856 ## - ONLINE RESOURCE
Uniform Resource Identifier <a href="https://www.property-care.org/resources/spray-foam-insulation-inspections">https://www.property-care.org/resources/spray-foam-insulation-inspections</a>
Public note Available from the PCA
942 ## - ADDED ENTRY ELEMENTS (KOHA)
Suppress in OPAC Do not suppress in OPAC
Holdings
Lost status Damaged status Not for loan Home library Current library Shelving location Date acquired Total Checkouts Date last seen Price effective from Koha item type
      Virtual Virtual Online 15/03/2023   17/03/2023 15/03/2023 Online material